000 00597nam a2200205Ia 4500
005 20250507130234.0
008 008 250505s9999 xx 000 0 eng d
037 _aSeries Article
040 _aEASL
_beng
_cEASL
041 _aeng
_2eng
084 _qEASL
100 _aHan Donglin
_9669018
245 0 _aImages of the world:studying abroad and chinese attitudes towards international affairs
260 _aUK
_bUK Cambridge Univesity Press UK
_c2010
300 _a290-306
650 _aChina
700 _aZweig David
_9650330
942 _cSRA
999 _c1318494
_d1318494